Marketing v zdravotníctve dizertačná práca

Salvato in:
Dettagli Bibliografici
Autore principale: Pažitný, Peter
Ente Autore: Obchodná fakulta EU. Katedra marketingu
Altri autori: Hanuláková, Eva, 1964-
Natura: Libro
Lingua:slovacco
Pubblicazione: Bratislava 2015
Soggetti:
Tags: Aggiungi Tag
Nessun Tag, puoi essere il primo ad aggiungerne!!

MARC

LEADER 00000nbm a2200000 4500
001 0205126
005 20230302104850.7
041 0 |a slo 
044 |a SK 
245 1 0 |a Marketing v zdravotníctve  |b dizertačná práca  |c Peter Pažitný ; školiteľ: Eva Hanuláková 
264 1 |a Bratislava  |c 2015 
300 |a 137 s. 
610 2 0 |a marketing 
610 2 0 |a zdravotníctvo 
610 2 0 |a marketing mix 
610 2 0 |a správanie spotrebiteľa 
610 2 0 |a modely 
610 2 0 |a poisťovne zdravotné 
100 1 |a Pažitný, Peter 
700 1 |a Hanuláková, Eva, 1964- 
710 2 |a Obchodná fakulta EU. Katedra marketingu